El papel de la democracia cristiana en la actual coyuntura centroamericana /
Gespeichert in:
| 1. Verfasser: | |
|---|---|
| Format: | Text |
| Sprache: | Spanish |
| Schlagworte: | |
| Tags: |
Tag hinzufügen
Keine Tags, Fügen Sie den ersten Tag hinzu!
|
MARC
| LEADER | 00000 a a2200000 04500 | ||
|---|---|---|---|
| 001 | 17986 | ||
| 003 | cru CIDCACS/IIS | ||
| 005 | 20191120152305.0 | ||
| 008 | 191120b ||||| |||| 00| 0 spa d | ||
| 999 | |c 22917 |d 22917 | ||
| 040 | |c cru CIDCACS/IIS | ||
| 100 | |a Solórzano, Mario | ||
| 245 | |a El papel de la democracia cristiana en la actual coyuntura centroamericana / |c Mario Solórzano | ||
| 650 | |a DEMOCRACIA | ||
| 650 | |a CRISTIANISMO | ||
| 650 | |a PARTIDOS POLITICOS | ||
| 650 | |a POLITICA | ||
| 650 | |a AMERICA CENTRAL | ||
| 773 | |g volumen 4, número 40; páginas 467-468 | ||
| 773 | 0 | |0 42391 |9 3850 |a Agencia Latinoamericana de Información, ALAI |d Quito, Ecuador: ALAI |o 04487 |t ALAI: |x 08275564 (Servicio mensual de información y documentación) | |
| 942 | |2 ddc |c PP | ||
